[Event "CRO-chT3 Center-A"]
[Site "Zagreb"]
[Date "2011.03.27"]
[Round "3.36"]
[White "Ivanisevic, Boris"]
[Black "Bockaj, Ivan"]
[Result "1/2-1/2"]
[WhiteElo "1795"]
[BlackElo "1953"]
[PlyCount "80"]
[EventDate "2011.03.13"]
[EventType "team-tourn"]
[EventRounds "11"]
[EventCountry "CRO"]
[SourceTitle "EXT 2014"]
[Source "ChessBase"]
[SourceDate "2013.11.20"]
[SourceVersion "1"]
[SourceVersionDate "2013.11.20"]
[SourceQuality "1"]

1. e4 c6 2. d4 d5 3. Nc3 g6 4. Be3 dxe4 5. Nxe4 Nh6 6. Nf3 Bg4 7. Bc4 Qc8 8. Bxh6 Bxh6 9. Bxf7+ Kf8 10. Bc4 Qf5 11. Nc5 b5 12. Bb3 Bxf3 13. Qxf3 Qxf3 14. gxf3 Ke8 15. Ne6 Na6 16. 0-0 Kd7 17. Rad1 Nc7 18. Nc5+ Kd6 19. Rfe1 Bg7 20. c3 a5 21. a3 Rhf8 22. Kg2 Rab8 23. Re4 Rf5 24. f4 b4 25. Rde1 Bf6 26. Ba4 bxc3 27. bxc3 Rb6 28. Bb3 g5 29. fxg5 Rxg5+ 30. Kf3 Rh5 31. Kg3 Rb8 32. Rg4 Nb5 33. Re6+ Kc7 34. Ba4 Nd6 35. Ne4 Nxe4+ 36. Rgxe4 Rb6 37. f4 Rd5 38. Kf3 Rh5 39. Kg3 Rd5 40. Kf3 Rh5 1/2-1/2